[Event "79th UKR-ch Women 2019"]
[Site "Lutsk"]
[Date "2019.12.19"]
[Round "9.2"]
[White "Hrebenshchykova, Yelyzaveta"]
[Black "Berdnyk, Mariia"]
[Result "1/2-1/2"]
[WhiteElo "2029"]
[BlackElo "2319"]
[Annotator "RC"]
[PlyCount "70"]
[EventDate "2019.12.10"]
[EventType "tourn"]
[EventCountry "UKR"]
[SourceTitle "playchess.com"]
[Source "ChessBase"]
[SourceQuality "1"]
[TimeControl "40/5400+30:1800+30"]

1. e4 {[%emt 0:00:00]} c5 {[%emt 0:00:00]} 2. Nf3 {[%emt 0:00:00]} d6 {[%emt 0:00:00]} 3. d4 {[%emt 0:00:00]} cxd4 {[%emt 0:00:00]} 4. Nxd4 {[%emt 0:00:00]} Nf6 {[%emt 0:00:00]} 5. Nc3 {[%emt 0:00:00]} g6 {[%emt 0:00:00]} 6. Bc4 {[%emt 0:00:06]} Bg7 {[%emt 0:00:00]} 7. O-O {[%emt 0:00:08]} O-O {[%emt 0:00:04]} 8. Re1 {[%emt 0:00:05]} Nc6 {[%emt 0:00:24]} 9. Nb3 {[%emt 0:00:36]} Ne5 {[%emt 0:01:31]} 10. Bf1 {[%emt 0:00:15]} Be6 {[%emt 0:00:10]} 11. Nd5 {[%emt 0:08:46]} Rc8 {[%emt 0:06:10]} 12. a4 {[%emt 0:20:35]} Nc4 {[%emt 0:13:49]} 13. a5 {[%emt 0:12:48]} Bxd5 {[%emt 0:10:50]} 14. exd5 {[%emt 0:00:04]} Qd7 {[%emt 0:00:11]} 15. Nd2 {[%emt 0:07:54]} b5 {[%emt 0:06:20]} 16. axb6 {[%emt 0:02:43]} Nxb6 {[%emt 0:00:09]} 17. c4 {[%emt 0:00:13]} Ng4 {[%emt 0:00:54]} 18. Ra2 {[%emt 0:12:45]} Qf5 {[%emt 0:12:07]} 19. Nf3 {[%emt 0:06:13]} Nxc4 {[%emt 0:01:16]} 20. Rxa7 {[%emt 0:02:46]} Nxb2 {[%emt 0:08:29]} 21. Bxb2 {[%emt 0:03:00]} Bxb2 {[%emt 0:00:01]} 22. Raxe7 {[%emt 0:00:18]} Bc3 {[%emt 0:03:39]} 23. R1e2 {[%emt 0:06:38]} Ra8 {[%emt 0:03:29]} 24. Qb3 {[%emt 0:01:49]} Bf6 {[%emt 0:01:07]} 25. Rb7 {[%emt 0:06:36]} Ra1 {[%emt 0:00:39]} 26. Rb8 {[%emt 0:00:22]} Ne5 {[%emt 0:01:57]} 27. Nd4 {[%emt 0:02:35]} Qf4 {[%emt 0:00:15]} 28. Nc2 {[%emt 0:01:45]} Rd1 {[%emt 0:07:13]} 29. Ne3 {[%emt 0:00:53]} Rc1 {[%emt 0:02:50]} 30. Rc2 {[%emt 0:01:10]} Rxc2 {[%emt 0:04:25]} 31. Rxf8+ {[%emt 0:00:10]} Kxf8 {[%emt 0:00:06]} 32. Qxc2 {[%emt 0:00:11]} h5 {[%emt 0:00:36]} 33. Be2 {[%emt 0:04:04]} Kg7 {[%emt 0:01:16]} 34. g3 {[%emt 0:00:45]} Qb4 {[%emt 0:00:42]} 35. Kg2 {[%emt 0:00:24]} Qb6 {[%emt 0:04:31]} 1/2-1/2

[Event "79th UKR-ch Women 2019"]
[Site "Lutsk"]
[Date "2019.12.19"]
[Round "9.3"]
[White "Dolzhykova, Kateryna"]
[Black "Osmak, Iulija"]
[Result "0-1"]
[WhiteElo "2164"]
[BlackElo "2388"]
[Annotator "TA"]
[PlyCount "62"]
[EventDate "2019.12.10"]
[EventType "tourn"]
[EventCountry "UKR"]
[SourceTitle "playchess.com"]
[Source "ChessBase"]
[SourceQuality "1"]

{[%evp 15,110,-2,0,-29,-24,-50,-45,-51,-64,-45,-20,-14,-22,-27,-23,-38,0,0,0,0,0,0,19,-5,-1,-8,-6,-24,-12,-14,-16,-24,-17,-3,0,-62,-12,-51,-3,0,0,-247,-75,-84,-73,-683,-167,-183,-181,-178,-178,-375,-368,-509,-277,-293,-288,-297,-299,-288,-282,-292,-264,-281,-266,-312,-236,-248,-225,-597,-539,-1339,-1191,-939,-918,-29985,-29986,-29984,-29973,-29982,-29983,-29983,-29984,-29984,-29985,-29985,-29986,-29986,-29987,-29987,-29988,-29988,-29989,-29989,-29990,-29990,-447]} 1. e4 c5 2. Nc3 Nc6 3. g3 g6 4. Bg2 Bg7 5. d3 e6 6. Be3 d6 7. Qd2 Rb8 8. f4 Nge7 9. g4 {B26: Closed Sicilian: 3 g3, lines with early Be3} (9. Nf3 b5 10. a3 a5 11. Nd1 b4 12. axb4 axb4 13. h4 h5 14. O-O O-O 15. Rb1 Ra8 16. Nf2 Ra2 17. d4 {½-½ (39) Seirawan,Y (2643)-Karpov,A (2615) Saint Louis 2012}) 9... b5 10. Nge2 Nd4 $146 {[%cal Bc6d4,Bd4b5,Bb5c7,Bc7d5][%mdl 32]} ({Predecessor:} 10... b4 11. Nd1 h5 12. g5 a5 13. c3 a4 14. Rc1 bxc3 15. bxc3 Qa5 16. d4 cxd4 17. Nxd4 {0-1 (48) Ghosh,M (1911)-Mohanty,K (2153) Nagpur 2009}) 11. Ng3 {Black is slightly better.} b4 12. Nd1 f5 13. c3 bxc3 14. bxc3 Nb5 15. Rb1 Bd7 (15... Rb6 {seems wilder.} 16. a4 Nc7 17. Rxb6 axb6 18. gxf5 exf5 19. h4 Qd7) 16. gxf5 exf5 17. exf5 Nxf5 18. Nxf5 gxf5 19. Bd5 Nc7 20. Rxb8 Qxb8 21. Qg2 Nxd5 22. Qxg7 Rf8 {Hoping for ...Qb1.} 23. Kf2 ({But not} 23. Qxh7 Nxe3 24. Qh5+ Kd8 $17) 23... Be6 {...Qb1 is the strong threat.} 24. Re1 $132 {[%mdl 2048] White is fighting back} Qc7 25. Qh6 ({White should try} 25. Qxc7 $11 Nxc7 26. Bd2) 25... Nf6 {Threatens to win with ...Ng4+.} (25... Rf6 $5 {[%cal Rf6h6]} 26. Qh3 Rg6 $15) 26. h3 (26. Kf1 $5 {[%cal Re3c5]} Kf7 27. Bf2 $15) 26... Qf7 27. c4 Rg8 {And now ...Qb7 would win.} 28. Nc3 $2 (28. Rg1 $11 {and White stays safe.}) 28... Rg6 $2 (28... Qb7 $19 {[%csl Gg8][%cal Rb7g2] is more deadly.} 29. Ne4 Nxe4+ 30. dxe4 Qxe4 31. Qh5+ Kd8) 29. Qh4 $17 Qb7 {[%csl Gg6][%cal Rb7g2]} 30. Rb1 $2 {[%mdl 8192]} (30. Ke2 $17) 30... Qg2+ $2 (30... Rg2+ 31. Ke1 Qf3) 31. Ke1 $19 Kf7 {Played: Qg2-c2} 0-1

[Event "79th UKR-ch Women 2019"]
[Site "Lutsk"]
[Date "2019.12.19"]
[Round "9.4"]
[White "Zhukova, Natalia"]
[Black "Rakhmangulova, Anastasiya"]
[Result "1/2-1/2"]
[WhiteElo "2324"]
[BlackElo "2215"]
[Annotator "ChessBase"]
[PlyCount "40"]
[EventDate "2019.12.10"]
[EventType "tourn"]
[EventCountry "UKR"]
[SourceTitle "playchess.com"]
[Source "ChessBase"]
[SourceQuality "1"]
[TimeControl "40/5400+30:1800+30"]

1. d4 {[%emt 0:00:00]} d5 {[%emt 0:00:00]} 2. c4 {[%emt 0:00:00]} c6 {[%emt 0:00:00]} 3. cxd5 {[%emt 0:00:10]} cxd5 {[%emt 0:00:00]} 4. Nf3 {[%emt 0:00:21]} Nc6 {[%emt 0:00:06]} 5. Nc3 {[%emt 0:00:26]} Nf6 {[%emt 0:00:31]} 6. Bf4 {[%emt 0:01:14]} Bf5 {[%emt 0:01:01]} 7. e3 {[%emt 0:00:21]} e6 {[%emt 0:00:53]} 8. Bd3 {[%emt 0:00:44]} Bxd3 {[%emt 0:00:39]} 9. Qxd3 {[%emt 0:00:10]} Bd6 {[%emt 0:00:33]} 10. Bxd6 {[%emt 0:03:36]} Qxd6 {[%emt 0:00:04]} 11. O-O {[%emt 0:00:34]} O-O {[%emt 0:00:51]} 12. Rac1 {[%emt 0:02:04]} Rfc8 {[%emt 0:02:11]} 13. a3 {[%emt 0:01:13]} a6 {[%emt 0:01:38]} 14. Rc2 {[%emt 0:00:52]} Rc7 {[%emt 0:01:14]} 15. Rfc1 {[%emt 0:00:53]} Rac8 {[%emt 0:01:38]} 16. Ne2 {[%emt 0:02:57]} Ne7 {[%emt 0:02:24]} 17. Rxc7 {[%emt 0:00:40]} Rxc7 {[%emt 0:00:05]} 18. Rxc7 {[%emt 0:00:21]} Qxc7 {[%emt 0:00:06]} 19. Qc3 {[%emt 0:00:23]} Qxc3 {[%emt 0:00:21]} 20. Nxc3 {[%emt 0:00:09]} Nc6 {[%emt 0:00:35]} 1/2-1/2

[Event "79th UKR-ch Women 2019"]
[Site "Lutsk"]
[Date "2019.12.19"]
[Round "9.5"]
[White "Doluhanova, Evgeniya"]
[Black "Babiy, Olga"]
[Result "1-0"]
[WhiteElo "2293"]
[BlackElo "2258"]
[Annotator "RC"]
[PlyCount "85"]
[EventDate "2019.12.10"]
[EventType "tourn"]
[EventCountry "UKR"]
[SourceTitle "playchess.com"]
[Source "ChessBase"]
[SourceQuality "1"]
[TimeControl "40/5400+30:1800+30"]

1. Nf3 {[%emt 0:03:50]} d5 {[%emt 0:00:00]} 2. e3 {[%emt 0:02:41]} Nf6 {[%emt 0:00:38]} 3. c4 {[%emt 0:00:29]} c6 {[%emt 0:01:56]} 4. b3 {[%emt 0:01:08]} Bg4 {[%emt 0:00:28]} 5. Bb2 {[%emt 0:00:21]} e6 {[%emt 0:07:08]} 6. h3 {[%emt 0:01:01]} Bh5 {[%emt 0:01:33]} 7. Nc3 {[%emt 0:08:39]} h6 {[%emt 0:05:54]} 8. cxd5 {[%emt 0:05:46]} exd5 {[%emt 0:02:13]} 9. Bd3 {[%emt 0:00:48]} Bxf3 {[%emt 0:08:01]} 10. Qxf3 {[%emt 0:00:10]} Bd6 {[%emt 0:00:18]} 11. Bf5 {[%emt 0:06:22]} Nbd7 {[%emt 0:02:43]} 12. g4 {[%emt 0:13:54]} Qe7 {[%emt 0:04:00]} 13. Rc1 {[%emt 0:07:44]} Nc5 {[%emt 0:03:28]} 14. b4 {[%emt 0:05:08]} Ne6 {[%emt 0:14:14]} 15. b5 {[%emt 0:01:26]} Nd4 {[%emt 0:00:37]} 16. Qg2 {[%emt 0:00:33]} Nxf5 {[%emt 0:03:46]} 17. gxf5 {[%emt 0:00:05]} Rg8 {[%emt 0:00:09]} 18. bxc6 {[%emt 0:00:36]} bxc6 {[%emt 0:00:02]} 19. Ne2 {[%emt 0:00:32]} Rc8 {[%emt 0:04:43]} 20. Qf3 {[%emt 0:05:41]} Ne4 {[%emt 0:03:22]} 21. Nc3 {[%emt 0:04:14]} Rb8 {[%emt 0:02:32]} 22. Rc2 {[%emt 0:02:16]} Nxc3 {[%emt 0:02:36]} 23. Bxc3 {[%emt 0:00:20]} Kd7 {[%emt 0:07:03]} 24. Ke2 {[%emt 0:01:25]} Be5 {[%emt 0:00:19]} 25. Qg4 {[%emt 0:02:38]} Bxc3 {[%emt 0:03:52]} 26. Rxc3 {[%emt 0:03:04]} Qb4 {[%emt 0:00:15]} 27. f6+ {[%emt 0:02:25]} Qxg4+ {[%emt 0:03:04]} 28. hxg4 {[%emt 0:02:15]} Rb6 {[%emt 0:00:01]} 29. f3 {[%emt 0:02:50]} gxf6 {[%emt 0:01:09]} 30. Rxh6 {[%emt 0:00:06]} Ke7 {[%emt 0:00:29]} 31. Ra3 {[%emt 0:00:30]} Ra8 {[%emt 0:01:22]} 32. Ra5 {[%emt 0:01:20]} a6 {[%emt 0:04:06]} 33. g5 {[%emt 0:01:51]} Rg8 {[%emt 0:02:51]} 34. gxf6+ {[%emt 0:03:32]} Kd6 {[%emt 0:00:08]} 35. e4 {[%emt 0:01:57]} dxe4 {[%emt 0:05:12]} 36. fxe4 {[%emt 0:00:13]} Rg2+ {[%emt 0:00:05]} 37. Ke3 {[%emt 0:00:29]} Rb2 {[%emt 0:00:08]} 38. Rh8 {[%emt 0:01:26]} Kd7 {[%emt 0:02:23]} 39. Re5 {[%emt 0:01:44]} c5 {[%emt 0:02:59]} 40. Re7+ {[%emt 0:00:00]} Kc6 {[%emt 0:00:00]} 41. Rc8+ {[%emt 0:00:43]} Kd6 {[%emt 0:00:04]} 42. Rd8+ {[%emt 0:00:05]} Kc6 {[%emt 0:00:04]} 43. Rxf7 {[%emt 0:00:23] Kd5} 1-0